5HLuxD.jpg

KING HENRY VIII SENIOR AND PRIMARY SCHOOL LIBRARY OPAC

The boy with the biggest head in the world / (Record no. 1304)

000 -LEADER
fixed length control field 00887cam a2200277 a 4500
001 - CONTROL NUMBER
control field (Sirsi) a646846
003 - CONTROL NUMBER IDENTIFIER
control field OSt
005 - DATE AND TIME OF LATEST TRANSACTION
control field 20230106103512.0
008 - FIXED-LENGTH DATA ELEMENTS--GENERAL INFORMATION
fixed length control field 101108s2010 enka c 000 1 eng d
020 ## - INTERNATIONAL STANDARD BOOK NUMBER
International Standard Book Number 9780007355167 (pbk.) :
020 ## - INTERNATIONAL STANDARD BOOK NUMBER
International Standard Book Number 0007355165 (pbk.) :
040 ## - CATALOGING SOURCE
Original cataloging agency TAE
Language of cataloging eng
Transcribing agency TAE
Modifying agency KH8
042 ## - AUTHENTICATION CODE
Authentication code nbic
082 0# - DEWEY DECIMAL CLASSIFICATION NUMBER
Classification number 813.6 PEI
100 1# - MAIN ENTRY--PERSONAL NAME
Personal name Peirce, Lincoln.
Relator term Author
245 14 - TITLE STATEMENT
Title The boy with the biggest head in the world /
Statement of responsibility, etc. [Lincoln Peirce]
260 ## - PUBLICATION, DISTRIBUTION, ETC.
Place of publication, distribution, etc. London :
Name of publisher, distributor, etc. HarperCollins Children's,
Date of publication, distribution, etc. 2010.
300 ## - PHYSICAL DESCRIPTION
Extent 213 p. :
Other physical details ill. ;
Dimensions 20 cm.
490 0# - SERIES STATEMENT
Series statement Big Nate.
520 ## - SUMMARY, ETC.
Summary, etc. Nate believes he is destined for greatness, but as he is having the worst school day of his life, doesn't know what he will be great at.
521 1# - TARGET AUDIENCE NOTE
Target audience note 8-12.
650 #1 - SUBJECT ADDED ENTRY--TOPICAL TERM
Topical term or geographic name entry element Schools
Form subdivision Fiction.
655 #1 - INDEX TERM--GENRE/FORM
Genre/form data or focus term Humorous stories.
655 #1 - INDEX TERM--GENRE/FORM
Genre/form data or focus term Children's stories.
942 ## - ADDED ENTRY ELEMENTS (KOHA)
Source of classification or shelving scheme
Koha item type Books - Non Ficton
Holdings
Withdrawn status Lost status Source of classification or shelving scheme Damaged status Not for loan Collection code Permanent Location Current Location Shelving location Date acquired Total Checkouts Total Renewals Full call number Barcode Date last seen Date last checked out Price effective from Koha item type
          Non-Fiction KH8 Primary School Library KH8 Primary School Library Fiction 2022-12-28 23 1 813.6 PEI KHPL000003082 2026-03-02 2026-02-23 2022-12-28 Books - Non Ficton

Powered By KH8 IT Dept